000 00541nam a2200193Ia 4500
003 GCL
008 140319s9999 xx 000 0 eng d
040 _aGCL /
_cGCL
082 0 4 _a427.093
_bS T
100 1 _aSINCLAIR, JOHN
245 1 0 _aTODAY'S ENGLISH DICTIONARY /
_cSINCLAIR, JOHN
260 _a[S.N] :
_bHARPER COLLINS COLLEGE PUBLISBERS ،
_c1995
300 _a966 P
650 0 4 _aDICTIONARIES
650 0 4 _aENGLISH LANGUAGE
650 0 4 _aENGLISH LANGUAGE - USAGE
650 0 4 _aENGLISH LANGUAGE - DICTIONARIES
942 _2ddc
_cBK
999 _c12961
_d12961